00600nam a22001697a 450000500170000000800410001702000180005804000230007605000140009910000220011324501720013525000180030726000380032530000250036365000180038865000240040620240214081429.0240214b |||||||| |||| 00| 0 eng d a9789982700689 aKMUcKMUdKMUerda aRA 643.86 aMwakalombe, Peter aAfrican Communication Skills in HIV and AIDS and Male Circumcision :bNarratives of Behavioral Science Approach to Community Mitigation Strategies /cMwakalombe, Peter aFirst Edition aLusaka :bLitovia Limited,c2014. aiv, 131 p. :c19 cm. aHIV and AIDS. aMale circumcision.